| 000 | 01094nam a22002657a 4500 | ||
|---|---|---|---|
| 005 | 20240530110947.0 | ||
| 008 | 221114s 2021ua a g 000 0 ara d | ||
| 017 |
_a2020/17989 _bمصر. دار الكتب |
||
| 020 | _a9789773196103 | ||
| 040 |
_aEG-CaGPL _cEG-CaGPL |
||
| 082 | 0 | 4 |
_221 _a305.42 _bإ ت |
| 100 | 0 | _aالهام يونس احمد | |
| 245 | 1 | 2 |
_aالتنمية المستدامة والتمكين السياسى : _bواقع المرأة العربية / _cالهام يونس احمد ؛ تقديم هويدا مصطفى |
| 250 | _aط.1 | ||
| 260 |
_aالقاهرة : _bالعربى للنشر و التوزيع، _c2021. |
||
| 300 |
_a264 ص. : _bايض ؛ _c24 سم. |
||
| 650 | 0 | 7 |
_2qrmak _aالتنمية الاجتماعية |
| 650 | 0 | 7 |
_2qrmak _aالتنمية المستدامة |
| 650 | 0 | 7 |
_2qrmak _aالتخطيط الاجتماعى |
| 650 | 0 | 7 |
_2qrmak _aالمرأة فى الحياة العامة |
| 650 | 0 | 7 |
_2qrmak _aحقوق المرأة |
| 700 |
_aهويدا مصطفى _eمقدم |
||
| 942 |
_2ddc _cBK |
||
| 999 |
_c66919 _d66919 |
||